LEADER 05878nam 2200685 a 450 001 9910463445003321 005 20200520144314.0 010 $a1-118-65363-7 035 $a(CKB)2670000000392038 035 $a(EBL)1251407 035 $a(OCoLC)852758616 035 $a(SSID)ssj0000917496 035 $a(PQKBManifestationID)11578620 035 $a(PQKBTitleCode)TC0000917496 035 $a(PQKBWorkID)10891935 035 $a(PQKB)11402561 035 $a(OCoLC)844959813 035 $a(MiAaPQ)EBC1251407 035 $a(DLC) 2013021036 035 $a(CaSebORM)9781118653548 035 $a(Au-PeEL)EBL1251407 035 $a(CaPaEBR)ebr10731732 035 $a(CaONFJC)MIL504432 035 $a(EXLCZ)992670000000392038 100 $a20150303d2013 uy 0 101 0 $aeng 135 $aur|n|---||||| 181 $ctxt 182 $cc 183 $acr 200 00$aDisrupt or be disrupted$b[electronic resource] $ea blueprint for change in management education 205 $a1st ed. 210 $aSan Francisco, Calif. $cJossey-Bass$dc2013 215 $a1 online resource (427 p.) 300 $aDescription based upon print version of record. 311 $a1-118-65354-8 311 $a1-118-60239-0 320 $aIncludes bibliographical references at the end of each chapters and indexes. 327 $aCover; Title page; Copyright page; Contents; Foreword; Introduction: The Change Imperative; Graduate Management Education's Major Challenges: An Overview; Financial Pressures; Shifts in Student Origin and Age; Changes in Program Numbers and Types; Technological Opportunities-and Threats; The Ongoing Importance of Relevance, Value, and Reputation; What Follows in This Book; References; 1: Ensuring and Enhancing Future Value; Key Topics Covered in This Chapter; The Impact of Graduate Management Education; Individual Value; Organizational Value; Societal Value 327 $aWaning, Sustaining, or Gaining Value in the Future?Imperative 1: Increasing the Effectiveness of Graduate Management Education; Imperative 2: Defining and Differentiating Within Graduate Management Education; Imperative 3: Recognizing and Expanding Our Espoused Values; Imperative 4: Fulfilling the Promise of Professionalism; A Unique Opportunity for Action; Summing Up; References; 2: Framing and Making Strategic Choices; Key Topics Covered in This Chapter; Four Forces That Make Clear Positioning Vital; Force 1: Evolving Needs; Force 2: New International Competition 327 $aForce 3: New Business School ModelsForce 4: The Arms Race for Talent; Framing Choices About Positioning; Whom Does the School Serve?; Degree Program Students, Employers, and Recruiters; Executive Education Program Participants and Employers; Government; What Does the School Do?; Degree Programs; Executive Education Programs; Research; How Does the School Deliver Programs?; Where Does the School Deliver Programs?; Physical Environment; Geographic Location; Who Delivers Programs?; Faculty and Associates; Approaches to Building Faculty at New Schools; How Big Is the School? 327 $aHow Is the School Organized and Managed?Institutional Context; Academic Partnerships; The Dean; School Management; Relationships With Alumni, Recruiters, Clients, and Donors; How Is the School Funded?; Profit Orientation; Program Economics; Fund-Raising; How Will the School Move to the Target Positioning?; How Do We Best Make Decisions on Strategic Positioning?; Conducting Regular Strategic Reviews; Engaging the Right Stakeholders; Using Charts to Clarify Parameters and Dimensions of Choice; Modeling Financial and Resourcing Implications; Different Purposes, Different Choices; Summing Up 327 $a3: Managing Aspirations, Resources, and Cost StructuresKey Topics Covered in This Chapter; Sources of Funding; State Funding; Tuition From Degree Programs; Tuition From Nondegree Programs; Income From Investments and From Alumni and Corporate Giving; Research's Importance to Business School Business Models; Considering Research's Fundamental Desirability-and Who Pays; Justifying Research Activity; Recruiting Faculty; Using Non-Tenure-Track Faculty; Assessing the Impact of Research on Teaching and Curricula; What It Takes to Develop Reputations; Key Resource 1: Student and Labor Markets 327 $aKey Resource 2: Quality Faculty 330 $a"An evidence-based approach to improving the practice of graduate management educationCompiled by the Graduate Management Admission Council (GMAC) and with contributions by administrators and professors from the top global MBA programs, this book provides business school decision-makers with an evidence-based approach to improving the practice of graduate management education. The book is designed to help navigate the pressures and create revolutionary platforms that leverage a school's unique competitive advantage in a design distinctly tailored for today's business realities. Offers a unique handbook for improving graduate management education Contains contributions from an international group of deans and professors that lead MBA programs Sponsored by GMAC, owner of the Graduate Management Admission Test (GMAT) exam used by over 5,000 programs worldwide This important resource gives academics a proven approach for improving graduate-level management programs"--$cProvided by publisher. 606 $aManagement$xStudy and teaching 606 $aBusiness education 608 $aElectronic books. 615 0$aManagement$xStudy and teaching. 615 0$aBusiness education. 676 $a650.0711 686 $aBUS024000$2bisacsh 712 02$aGraduate Management Admission Council. 801 0$bMiAaPQ 801 1$bMiAaPQ 801 2$bMiAaPQ 906 $aBOOK 912 $a9910463445003321 996 $aDisrupt or be disrupted$92109162 997 $aUNINA LEADER 04610 am 22008773u 450 001 9910311930003321 005 20200229105050.0 010 $a0-520-30136-6 024 7 $a10.1525/9780520972179 035 $a(CKB)4100000007762235 035 $a(DE-B1597)539988 035 $a(OCoLC)1048014934 035 $a(DE-B1597)9780520972179 035 $a(ScCtBLL)c19c083e-1cba-497d-a2ba-7e7a06534a23 035 $a(MiAaPQ)EBC6983801 035 $a(Au-PeEL)EBL6983801 035 $a(EXLCZ)994100000007762235 100 $a20200229h20192019 fg 101 0 $aeng 135 $aur||||||||||| 181 $ctxt$2rdacontent 182 $cc$2rdamedia 183 $acr$2rdacarrier 200 14$aThe Divo and the Duce $ePromoting Film Stardom and Political Leadership in 1920s America /$fGiorgio Bertellini 210 1$aBerkeley, CA : $cUniversity of California Press, $d[2019] 210 4$dİ2019 215 $a1 online resource (xv, 309 pages) $cillustrations 225 0 $aCinema Cultures in Contact ;$v1 311 $a0-520-97217-1 320 $aIncludes bibliographical references and index. 327 $tFrontmatter -- $tContents -- $tIllustrations -- $tAcknowledgments -- $tIntroduction: "Nothing Like Going to an Authority!" -- $tPart One. Power and Persuasion -- $tPart Two. The Divo, or the Governance of Romance -- $tPart Three. The Duce, or the Romance of Undemocratic Governing -- $tConclusions -- $tArchival Sources -- $tAbbreviations -- $tNotes -- $tSelected Primary Sources -- $tIndex 330 $aA free ebook version of this title is available through Luminos, University of California Press's Open Access publishing program. Visit www.luminosoa.org to learn more. In the post-World War I American climate of isolationism, nativism, democratic expansion of civic rights, and consumerism, Italian-born star Rodolfo Valentino and Italy's dictator Benito Mussolini became surprising paragons of authoritarian male power and mass appeal. Drawing on extensive archival research in the United States and Italy, Giorgio Bertellini's work shows how their popularity, both political and erotic, largely depended on the efforts of public opinion managers, including publicists, journalists, and even ambassadors. Beyond the democratic celebrations of the Jazz Age, the promotion of their charismatic masculinity through spectacle and press coverage inaugurated the now-familiar convergence of popular celebrity and political authority. This is the first volume in the new Cinema Cultures in Contact series, coedited by Giorgio Bertellini, Richard Abel, and Matthew Solomon. This book is freely available in an open access edition thanks to TOME (Toward an Open Monograph Ecosystem)-a collaboration of the Association of American Universities, the Association of University Presses, and the Association of Research Libraries. Learn more at the TOME website, available at: openmonographs.org. 410 0$aCinema cultures in contact ;$v1 606 $aCelebrities in mass media 606 $aCommunication in politics 606 $aMass media and publicity 606 $aMotion picture industry$zUnited States$xHistory$y20th century 606 $aPublicity$zUnited States$xHistory$y20th century 606 $aPERFORMING ARTS / Film & Video / History & Criticism$2bisacsh 610 $aambassadors. 610 $aamerica. 610 $aamerican climate. 610 $aauthoritarian. 610 $abenito mussolini. 610 $acharismatic masculinity. 610 $aconsumerism. 610 $ademocratic celebrations. 610 $ademocratic expansion of civil rights. 610 $adictator. 610 $aisolationism. 610 $aitalian born star. 610 $aitaly. 610 $ajazz age. 610 $ajournalists. 610 $amale power. 610 $anativism. 610 $apolitical popularity. 610 $apost world war 1. 610 $apublic opinion. 610 $apublicists. 610 $arodolfo valentino. 610 $aunited states. 615 0$aCelebrities in mass media. 615 0$aCommunication in politics. 615 0$aMass media and publicity. 615 0$aMotion picture industry$xHistory 615 0$aPublicity$xHistory 615 7$aPERFORMING ARTS / Film & Video / History & Criticism. 676 $a305.52 700 $aBertellini$b Giorgio, $4aut$4http://id.loc.gov/vocabulary/relators/aut$0611275 801 0$bDE-B1597 801 1$bDE-B1597 906 $aBOOK 912 $a9910311930003321 996 $aThe Divo and the Duce$92256086 997 $aUNINA